00404nam a2200109Ia 4500008004100000100002200041245009900063260003600162300001800198650001000216856006800226160712s9999 xx 000 0 und d ade Guzman, Odine. cOdine de GuzmanaIntroduction: Women's Studies and Feminist Practice in the UP DECL since 2000 c2011bReview of Women's Studies avol. 21 no. 1 xWOMEN uhttp://journals.upd.edu.ph/index.php/rws/issue/view/441/showToc